Statistics for Homophones #2

Click here to take the quiz!

General Stats

  • This quiz has been taken 90,604 times
    (75,683 since last reset)
  • The average score is 17 of 24

Answer Stats

WordHomophone% Correct
FareFair
98%
PiecePeace
97%
SonSun
91%
HoleWhole
86%
SoarSore
85%
PrayPrey
82%
HailHale
81%
HorseHoarse
77%
WeWee
76%
LaxLacks
75%
GroanGrown
69%
MallMaul
69%
NavalNavel
69%
BandBanned
67%
CeilingSealing
65%
BuildBilled
59%
SeedCede
59%
FaintFeint
59%
SweetSuite
59%
WadeWeighed
58%
BarrenBaron
56%
OwedOde
55%
GoredGourd
52%
SizeSighs
42%

Score Distribution

Percentile by Number Answered

Percent of People with Each Score

Your Score History

You have not taken this quiz since the last reset